| 000 | 00359nam a22001457a 4500 | ||
|---|---|---|---|
| 003 | OSt | ||
| 020 | _a817029939X | ||
| 040 | _c0 | ||
| 082 |
_222 _a005.7221 |
||
| 100 | _aFarrar, Edward. and Smith, Norman E. | ||
| 245 | _aThe HTML example book / | ||
| 260 |
_aNew Delhi, _bBPB Publications, _cc1998. |
||
| 300 |
_axvi, 492p. ; _bill. ; _c23 cm. |
||
| 942 |
_2ddc _cIT |
||
| 999 |
_c5433 _d5433 |
||